[Event "Krakow op-C 22nd"]
[Site "Krakow"]
[Date "2012.01.02"]
[Round "7"]
[White "Marszalek, Jakub1111"]
[Black "Jastrzebski, Lukasz"]
[Result "0-1"]
[WhiteElo "1584"]
[BlackElo "1610"]
[PlyCount "48"]
[EventDate "2011.12.27"]
[EventType "swiss"]
[EventRounds "9"]
[EventCountry "POL"]
[SourceTitle "CBM 146 Extra"]
[Source "ChessBase"]
[SourceDate "2012.02.29"]
[SourceVersion "1"]
[SourceVersionDate "2012.02.29"]
[SourceQuality "1"]

1. Nc3 c5 2. e4 e6 3. Bc4 Ne7 4. d3 d5 5. Bb3 g6 6. Nf3 Bg7 7. exd5 exd5 8. 0-0 Be6 9. Re1 0-0 10. Bg5 Nbc6 11. a3 Qd7 12. Qd2 Nf5 13. Ba4 a6 14. Bxc6 bxc6 15. Na4 Qa7 16. Qa5 Rab8 17. Qd2 h6 18. Bf4 Rbd8 19. Ne5 Bd7 20. Rab1 Be8 21. c3 g5 22. Bg3 Nxg3 23. hxg3 f6 24. Ng4 Bg6 0-1

[Event "World School-ch U17 7th"]
[Site "Krakow"]
[Date "2011.05.06"]
[Round "6"]
[White "Jastrzebski, Lukasz"]
[Black "Jayasundara, PK Udith Madusank"]
[Result "1/2-1/2"]
[WhiteElo "1636"]
[BlackElo "1951"]
[PlyCount "24"]
[EventDate "2011.04.30"]
[EventType "swiss"]
[EventRounds "9"]
[EventCountry "POL"]
[SourceTitle "EXT 2012"]
[Source "ChessBase"]
[SourceDate "2011.11.24"]
[SourceVersion "1"]
[SourceVersionDate "2011.11.24"]
[SourceQuality "1"]

1. e4 c5 2. d4 cxd4 3. c3 dxc3 4. Nxc3 Nc6 5. Bc4 d6 6. Bg5 Nf6 7. Bxf6 gxf6 8. Nf3 a6 9. Nd5 Ne5 10. Nxe5 fxe5 11. Bb3 e6 12. Nc7+ Kd7 1/2-1/2

[Event "World School-ch U17 7th"]
[Site "Krakow"]
[Date "2011.05.03"]
[Round "4"]
[White "Zaurenbek, Adilet"]
[Black "Jastrzebski, Lukasz"]
[Result "1-0"]
[WhiteElo "1941"]
[BlackElo "1636"]
[PlyCount "35"]
[EventDate "2011.04.30"]
[EventType "swiss"]
[EventRounds "9"]
[EventCountry "POL"]
[SourceTitle "EXT 2012"]
[Source "ChessBase"]
[SourceDate "2011.11.24"]
[SourceVersion "1"]
[SourceVersionDate "2011.11.24"]
[SourceQuality "1"]

1. e4 c5 2. Nf3 Nc6 3. d4 cxd4 4. Nxd4 Nf6 5. Nc3 d6 6. Be3 g6 7. f3 Bd7 8. h4 h5 9. Bh6 Bxh6 10. Qc1 e5 11. Qxh6 exd4 12. Bc4 dxc3 13. Qc1 Bf5 14. Bb3 Rc8 15. a3 Bd7 16. Be6 g5 17. g4 a5 18. Bc4 1-0

[Event "World School-ch U17 7th"]
[Site "Krakow"]
[Date "2011.04.30"]
[Round "1"]
[White "Jastrzebski, Lukasz"]
[Black "Lewicki, Miroslaw"]
[Result "0-1"]
[WhiteElo "1636"]
[BlackElo "2138"]
[PlyCount "70"]
[EventDate "2011.04.30"]
[EventType "swiss"]
[EventRounds "9"]
[EventCountry "POL"]
[SourceTitle "EXT 2012"]
[Source "ChessBase"]
[SourceDate "2011.11.24"]
[SourceVersion "1"]
[SourceVersionDate "2011.11.24"]
[SourceQuality "1"]

1. e4 c5 2. Nf3 d6 3. d4 cxd4 4. Nxd4 Nf6 5. Nc3 a6 6. Bg5 e6 7. Be2 Nbd7 8. 0-0 Be7 9. Kh1 Qc7 10. f4 b5 11. a3 Bb7 12. Bf3 0-0 13. Qe1 Kh8 14. Rd1 Nb6 15. e5 Nfd5 16. Nxd5 Bxd5 17. Bxe7 Qxe7 18. exd6 Qxd6 19. Bxd5 Nxd5 20. Rf3 Rad8 21. Qe4 Nf6 22. Qe2 Rfe8 23. Rdd3 Qc7 24. Qe5 Qb6 25. Ne2 Ng4 26. Qg5 Rxd3 27. cxd3 Nf2+ 28. Rxf2 Qxf2 29. Qg4 Qf1+ 30. Ng1 Rc8 31. Qf3 Qxf3 32. gxf3 Rc2 33. b4 Ra2 34. Nh3 Rxa3 35. Nf2 Rb3 0-1

[Event "Krakow KKSz op"]
[Site "Krakow"]
[Date "2008.06.22"]
[Round "5.8"]
[White "Tracz, Agnieszka"]
[Black "Jastrzebski, Lukasz"]
[Result "0-1"]
[WhiteElo "1664"]
[BlackElo "1611"]
[PlyCount "87"]
[EventDate "2008.06.20"]
[EventType "swiss"]
[EventRounds "5"]
[EventCountry "POL"]
[SourceTitle "EXT 2023"]
[Source "ChessBase"]
[SourceDate "2022.10.05"]
[SourceVersion "1"]
[SourceVersionDate "2022.10.05"]
[SourceQuality "1"]

1. e4 c5 2. Nf3 Nc6 3. d4 cxd4 4. Nxd4 d6 5. Nc3 Nf6 6. Bg5 e6 7. Nb3 Be7 8. Bd3 a6 9. 0-0 Qc7 10. Qd2 h6 11. Be3 Ng4 12. Be2 Nxe3 13. Qxe3 0-0 14. Rad1 b5 15. a3 Bb7 16. f4 b4 17. axb4 Nxb4 18. Qd2 Qc6 19. Bf3 e5 20. f5 Rfd8 21. Kh1 a5 22. g4 Bg5 23. Qg2 a4 24. Na1 a3 25. bxa3 Rxa3 26. Nd5 Nxd5 27. Rxd5 Rda8 28. Rdd1 Ba6 29. Rg1 Qc3 30. Nb3 Bc4 31. Rxd6 Bxb3 32. cxb3 Rxb3 33. Be2 Ra2 34. Qf1 Qe3 35. Rd3 Qxe4+ 36. Rf3 Rxe2 37. Qxe2 Qxe2 38. Rxb3 Bf4 39. Rh3 Qe4+ 40. Rg2 f6 41. Rb3 Qc4 42. Rf3 Bg5 43. Rfg3 e4 44. Ra3 0-1